Normal view
MARC view
- الرقية الشرعية - العلاج بالقران
Entry Topical Term
001 - CONTROL NUMBER
- control field: 38582
003 - CONTROL NUMBER IDENTIFIER
- control field: JO-AjAnu
005 - DATE AND TIME OF LATEST TRANSACTION
- control field: 20230606080425.0
008 - FIXED-LENGTH DATA ELEMENTS
- fixed length control field: 230606|| aca||aabn | a|a d
040 ## - CATALOGING SOURCE
- Original cataloging agency: JO-AjAnu
- Transcribing agency: JO-AjAnu
150 ## - HEADING--TOPICAL TERM
- Topical term or geographic name entry element: الرقية الشرعية - العلاج بالقران
670 ## - SOURCE DATA FOUND
- Source citation: Work cat.: (JO-AjAnu)19789: تاليف الجوراتي، ابي العالي محمد بن يوسف؛ تقديم محمد ابراهيم شقرة واآخرون؛ مراجعة عمر سليمان الاشقر, author 38581, الرقية الشرعية من الكتاب والسنة النبوية